000
00225 a2200097 4500
001
12171
100
_a
Mehmood,Bazal Haq
245
_a
Iran Kay Awami Geet Our Awami Khania
260
_a
_b
Sang-e-Meel
_c
090
_c
9378
_d
9378
942
_a
NUST-CAE
_c
M
_c
36242
999
_c
247244
_d
247244